| 000 | 00717nam a22002177a 4500 | ||
|---|---|---|---|
| 003 | OSt | ||
| 005 | 20260421063235.0 | ||
| 008 | 260421b |||||||| |||| 00| 0 eng d | ||
| 020 | _a0-201-17413-8. | ||
| 040 |
_aDWC-Main lib _cOC |
||
| 082 | _aCirc. 005.74 C762d 1996 | ||
| 100 | _aConnolly, Thomas M. | ||
| 245 |
_aDatabase systems: _ba practical approach to design, implementation and management/ _cThomas M. Connolly |
||
| 260 |
_aWokingham, England: _bAddison-Wesley Publishing Company , _cc1996. |
||
| 300 |
_a xxxi, _b839 p. ; _c21 cm |
||
| 504 | _aIncludes index. | ||
| 650 | _aDatabase Management. | ||
| 700 | _aCarolyn E. Begg | ||
| 700 | _aAnne D. Strachan | ||
| 942 |
_2ddc _cBK-CIRC _kCirc. _n0 |
||
| 999 |
_c9573 _d9573 |
||